Jak zní ticho /

Hlavní autor: Goldsaito, Katrina, 1979-
Další autoři: Kuo, Julia, Vlachová, Marie
Jazyk: Čeština
Vydáno: Praha : Malvern, 2018
Vydání: Vydání první
Témata:
Fyzický popis: 40 nečíslovaných stran : barevné ilustrace ; 23 x 29 cm
Knihy
Uloženo v:
LEADER 01709cam a2200469 i 4500
001 nkc20183011279
003 CZ PrNK
005 20190402131509.0
007 ta
008 180702s2018 xr a b 000 j cze d
015 |a cnb003011279 
020 |a 978-80-7530-119-2  |q (vázáno) 
035 |a (OCoLC)1100765680 
040 |a UOG507  |b cze  |d CBA001  |d BOA001  |e rda 
041 1 |a cze  |h eng 
072 7 |a 821.111(73)-3  |x Americká próza  |2 Konspekt  |9 25 
072 7 |a 821-93  |x Literatura pro děti a mládež (beletrie)  |2 Konspekt  |9 26 
080 |a 821.111(73)-32  |2 MRF 
080 |a 821-93  |2 MRF 
080 |a (0:82-32)  |2 MRF 
100 1 |a Goldsaito, Katrina,  |d 1979-  |7 xx0225735  |4 aut 
240 1 0 |a Sound of silence.  |l Česky 
245 1 0 |a Jak zní ticho /  |c napsala Katrina Goldsaito ; ilustrovala Julia Kuo ; z anglického originálu The sound of silence ... přeložila Marie Vlachová 
250 |a Vydání první 
264 1 |a Praha :  |b Malvern,  |c 2018 
300 |a 40 nečíslovaných stran :  |b barevné ilustrace ;  |c 23 x 29 cm 
336 |a text  |b txt  |2 rdacontent 
336 |a statický obraz  |b sti  |2 rdacontent 
337 |a bez média  |b n  |2 rdamedia 
338 |a svazek  |b nc  |2 rdacarrier 
655 7 |a americké příběhy  |7 fd131795  |2 czenas 
655 7 |a publikace pro děti  |7 fd133156  |2 czenas 
655 9 |a American stories  |2 eczenas 
655 9 |a children's literature  |2 eczenas 
700 1 |a Kuo, Julia  |7 xx0226050  |4 ill 
700 1 |a Vlachová, Marie  |7 xx0171440  |4 trl 
910 2 |a BOA001  |b 4-1416.171 
920 |a 0792304  |z CBA001 
990 |a BK 
995 |a 01 
991 |b 201810  |c NOV 
996 6 |b 2610758422  |c 4-1416.171  |l MZK  |r Sklad / do 1 hodiny  |n 0  |p p.v.  |w 001691396  |u 000010  |a 1  |e BOA001  |j MZK50  |s P